00381 a2200145 4500001000700000003000400007005001700011008004100028020001500069082001600084100002700100245006000127260003800187300001000225067360OSt20211202102152.0  a0766814343 a604.7bB46H1 aBevelacqua, Armando S.1 aHazardous materials chemistrycby Armando S. Bevelacqua aAustraliabThomson Learningc2001 a223p.